| 000 | 00326nam a2200133 a 4500 | ||
|---|---|---|---|
| 001 | 4722 | ||
| 003 | CDMR | ||
| 005 | 20130116135259.0 | ||
| 008 | 130130s2006||||||||||||||||||||||||||||d | ||
| 040 |
_aCDMR _bcat _cCDMR |
||
| 245 | 0 | _aGuia dels mitjans de comunicació en català 2007 | |
| 260 |
_aBarcelona _c2006 _bAPPEC |
||
| 942 | _cMON | ||
| 999 |
_c4722 _d4722 |
||